[Event "Mazowiec-chT op"]
[Site "Mazowsze"]
[Date "2009.01.25"]
[Round "2"]
[White "Kurpiewski, Slawomir"]
[Black "Traczyk, Pawel"]
[Result "1-0"]
[WhiteElo "2212"]
[BlackElo "1839"]
[PlyCount "111"]
[EventDate "2009.01.11"]
[EventType "team-tourn"]
[EventRounds "10"]
[EventCountry "POL"]
[SourceTitle "EXT 2013"]
[Source "ChessBase"]
[SourceDate "2012.11.22"]
[SourceVersion "1"]
[SourceVersionDate "2012.11.22"]
[SourceQuality "1"]

1. d4 Nf6 2. c4 g6 3. Nc3 Bg7 4. Nf3 0-0 5. g3 d5 6. Bg2 Bg4 7. Ne5 Be6 8. Qb3 Nc6 9. Nxc6 bxc6 10. cxd5 Bxd5 11. Nxd5 cxd5 12. 0-0 c6 13. Qa4 Qb6 14. b3 e6 15. Ba3 Rfc8 16. Rac1 Nd7 17. e3 Qb5 18. Rc2 Bf8 19. Bxf8 Kxf8 20. Qa3+ Kg8 21. Rfc1 Qb7 22. Qd6 Nb8 23. g4 a5 24. Bf1 Ra7 25. h4 Qe7 26. Qxe7 Rxe7 27. f4 f6 28. g5 fxg5 29. hxg5 Kg7 30. Bd3 Ra7 31. Kf2 Re7 32. Kf3 Kg8 33. Rc5 Ra7 34. Ke2 Kf8 35. Kd2 Ke7 36. R5c2 Kd6 37. Rb1 c5 38. Rbc1 Rac7 39. Bb5 cxd4 40. exd4 Rxc2+ 41. Rxc2 Rxc2+ 42. Kxc2 Nd7 43. Bxd7 Kxd7 44. Kc3 Kc6 45. a4 Kb6 46. b4 Ka6 47. bxa5 Kxa5 48. Kb3 Ka6 49. Kb4 Kb6 50. a5+ Ka6 51. Ka4 Ka7 52. Kb5 Kb7 53. Kc5 Ka6 54. Kd6 Kxa5 55. Kxe6 Kb6 56. Kxd5 1-0

[Event "Mazowiec-chT 0708"]
[Site "Poland"]
[Date "2008.02.10"]
[Round "10"]
[White "Traczyk, Pawel"]
[Black "Lasota, Adam"]
[Result "1/2-1/2"]
[WhiteElo "1858"]
[BlackElo "1729"]
[PlyCount "54"]
[EventDate "2007.10.14"]
[EventType "team-tourn"]
[EventRounds "10"]
[EventCountry "POL"]
[SourceTitle "EXT 2010"]
[Source "ChessBase"]
[SourceDate "2010.11.25"]
[SourceVersion "1"]
[SourceVersionDate "2010.11.25"]
[SourceQuality "1"]

1. d4 d5 2. c4 e6 3. Nc3 Nf6 4. Bg5 Nbd7 5. Nf3 c6 6. e3 Qa5 7. Qa4 Qxa4 8. Nxa4 dxc4 9. Nc3 b5 10. Be2 Bb4 11. Bxf6 Nxf6 12. Ne5 Bb7 13. 0-0 Bxc3 14. bxc3 Nd5 15. Rfc1 f6 16. Nf3 Ke7 17. Nd2 Nb6 18. Rab1 Bc8 19. Bf3 Bd7 20. Ne4 f5 21. Nc5 Nd5 22. Na6 Bc8 23. Nc5 g5 24. e4 fxe4 25. Bxe4 Bd7 26. Bxd5 exd5 27. Re1+ Kd6 1/2-1/2